000 01367cam a2200385 a 4500
001 12210856
003 OSt
005 20251201084321.0
008 001025s2002 njua 001 0 eng
010 _a 00052843
020 _a0130920541
020 _a9780130920546
035 _a12210856
040 _aDLC
_cDLC
_dDLC
050 0 0 _aQA37.2
_b.B364 2002
082 0 0 _a510
_221
100 1 _aBarnett, Raymond A.
245 1 0 _aCollege mathematics for business, economics, life sciences, and social sciences.
250 _a9th ed. /
_bRaymond A. Barnett, Michael R. Ziegler, Karl E. Byleen.
260 _aUpper Saddle River, N.J. :
_bPrentice Hall,
_c2002.
300 _a1 v. (various pagings) :
_bill. (some col.) ;
_c26 cm.
336 _atext
_btxt
_2rdacontent
337 _aunmediated
_bn
_2rdamedia
338 _avolume
_bnc
_2rdacarrier
500 _aIncludes index.
650 0 _aMathematics.
650 0 _aSocial sciences
_xMathematics.
650 0 _aBiomathematics.
700 1 _aZiegler, Michael R.
700 1 _aByleen, Karl E.
906 _a7
_bcbc
_corignew
_d1
_eocip
_f20
_gy-gencatlg
942 _2lcc
_cBK
999 _c265390
_d265389